[Event "FRA-ch U20 Girls"]
[Site "Hyeres"]
[Date "2019.04.20"]
[Round "8"]
[White "Bellahcene, Anissa"]
[Black "Fromherz, Audrey"]
[Result "0-1"]
[WhiteElo "1816"]
[BlackElo "1531"]
[PlyCount "106"]
[EventDate "2019.04.14"]
[EventType "swiss"]
[EventRounds "9"]
[EventCountry "FRA"]
[SourceTitle "CBM 190 Extra"]
[Source "ChessBase"]
[SourceDate "2019.07.15"]
[SourceVersion "1"]
[SourceVersionDate "2019.07.15"]
[SourceQuality "1"]

1. e4 c5 2. c3 d5 3. exd5 Qxd5 4. d4 Nc6 5. Nf3 Bg4 6. Be2 e6 7. Bf4 Nf6 8. Na3 a6 9. Nc2 cxd4 10. Ncxd4 Nxd4 11. Qxd4 Qxd4 12. Nxd4 Bxe2 13. Kxe2 Be7 14. Rad1 0-0 15. Nb3 Rfd8 16. Na5 Nd5 17. Bg3 Rac8 18. Nxb7 Rd7 19. Na5 Rxc3 20. Rc1 Rxc1 21. Rxc1 f6 22. Rc6 e5 23. Rxa6 Nb4 24. Ra8+ Kf7 25. a3 Nd3 26. b4 Nc1+ 27. Ke1 Na2 28. Rc8 Nxb4 29. Rc3 Na2 30. Rc2 Nb4 31. Rd2 Nd3+ 32. Ke2 e4 33. Nc4 Ra7 34. Nd6+ Bxd6 35. Bxd6 Ke6 36. Bf8 Rf7 37. Bb4 Nxb4 38. axb4 Rb7 39. Rd4 Ke5 40. Ke3 f5 41. Rc4 f4+ 42. Kd2 g6 43. Kc3 Rd7 44. Rc5+ Ke6 45. b5 e3 46. Rc4 exf2 47. Rxf4 Rf7 48. b6 Rxf4 49. b7 f1Q 50. b8Q Qc1+ 51. Kd3 Qc4+ 52. Kd2 Rd4+ 53. Ke1 Qc3+ 0-1

[Event "Vaujany op 5th"]
[Site "Vaujany"]
[Date "2014.07.16"]
[Round "7.12"]
[White "Marchat, Gerard"]
[Black "Fromherz, Audrey"]
[Result "1-0"]
[WhiteElo "1711"]
[BlackElo "1460"]
[PlyCount "67"]
[EventDate "2014.07.10"]
[EventType "swiss"]
[EventRounds "9"]
[EventCountry "FRA"]
[SourceTitle "EXT 2017"]
[Source "ChessBase"]
[SourceDate "2016.10.25"]
[SourceVersion "1"]
[SourceVersionDate "2016.10.25"]
[SourceQuality "1"]

1. c4 e5 2. Nc3 Nf6 3. Nf3 Nc6 4. a3 d6 5. e3 Be7 6. Be2 0-0 7. 0-0 d5 8. cxd5 Nxd5 9. Qb3 Nxc3 10. dxc3 a6 11. Rd1 Qe8 12. c4 Rb8 13. Bd2 Be6 14. Qc2 f5 15. Bc3 Bf6 16. b4 b5 17. cxb5 axb5 18. Rac1 Bd7 19. Ba1 Rb6 20. Bxb5 Kh8 21. Rxd7 Qxd7 22. Bxc6 Qd6 23. Bb2 e4 24. Nd4 Be5 25. Qc5 Bxh2+ 26. Kh1 Be5 27. Qxd6 cxd6 28. g3 Rc8 29. b5 d5 30. a4 Bc7 31. Bd7 Ra8 32. Rxc7 Rbb8 33. Nc6 Rf8 34. Be6 1-0

[Event "La Rosiere op"]
[Site "Bourg Saint Maurice"]
[Date "2013.08.28"]
[Round "4"]
[White "Saya, Ethan"]
[Black "Fromherz, Audrey"]
[Result "0-1"]
[WhiteElo "1383"]
[BlackElo "1388"]
[PlyCount "114"]
[EventDate "2013.08.25"]
[EventType "swiss"]
[EventRounds "7"]
[EventCountry "FRA"]
[SourceTitle "EXT 2015"]
[Source "ChessBase"]
[SourceDate "2014.11.20"]
[SourceVersion "1"]
[SourceVersionDate "2014.11.20"]
[SourceQuality "1"]

1. e4 c5 2. Nc3 d6 3. f4 Nf6 4. Nf3 g6 5. Be2 Bg7 6. d3 0-0 7. 0-0 Nc6 8. Be3 Ng4 9. Bd2 Nd4 10. Kh1 Nxf3 11. Bxf3 Nf6 12. Qc1 Re8 13. f5 e6 14. g4 Nd7 15. Be2 d5 16. Nd1 exf5 17. gxf5 dxe4 18. fxg6 hxg6 19. dxe4 Rxe4 20. Bd3 Rg4 21. Nf2 Ne5 22. Nxg4 Qd5+ 23. Kg1 Nf3+ 24. Rxf3 Qxf3 25. Nf2 Bd4 26. Qe1 Bd7 27. Be4 Qg4+ 28. Kh1 Bxf2 29. Qxf2 Qxe4+ 30. Qg2 Bc6 31. Qxe4 Bxe4+ 32. Kg1 Rd8 33. Be3 b6 34. c3 Kg7 35. Re1 f5 36. Re2 Rd1+ 37. Kf2 Rh1 38. Kg3 Rf1 39. Rf2 Rg1+ 40. Kh4 Rg4+ 41. Kh3 Kf6 42. Bf4 g5 43. Bb8 a6 44. Ba7 Rh4+ 45. Kg3 f4+ 46. Rxf4+ Rxf4 47. Bxb6 Kf5 48. h3 Rf3+ 49. Kh2 Rf2+ 50. Kg1 Rxb2 51. Bxc5 Rxa2 52. Bd6 Rc2 53. Bb4 Kf4 54. h4 gxh4 55. c4 Bd3 56. Bd2+ Rxd2 57. c5 Kg3 0-1

[Event "La Rosiere op"]
[Site "Bourg Saint Maurice"]
[Date "2013.08.27"]
[Round "3"]
[White "Fromherz, Audrey"]
[Black "Desfonds, Sylvie"]
[Result "1-0"]
[WhiteElo "1388"]
[BlackElo "1726"]
[PlyCount "51"]
[EventDate "2013.08.25"]
[EventType "swiss"]
[EventRounds "7"]
[EventCountry "FRA"]
[SourceTitle "EXT 2015"]
[Source "ChessBase"]
[SourceDate "2014.11.20"]
[SourceVersion "1"]
[SourceVersionDate "2014.11.20"]
[SourceQuality "1"]

1. e4 c5 2. Nf3 e6 3. b3 Nc6 4. Bb2 a6 5. c4 Qc7 6. Nc3 Nf6 7. d4 cxd4 8. Nxd4 Bb4 9. f3 0-0 10. Be2 Re8 11. Nxc6 Qxc6 12. 0-0 d5 13. e5 Nd7 14. Nb1 dxc4 15. Bxc4 b5 16. Bd3 Qc5+ 17. Kh1 Nxe5 18. Be4 Nc6 19. Qe2 Ra7 20. Rc1 Nd4 21. Qe3 Qd6 22. Bxd4 Rd7 23. Rd1 e5 24. Bf5 exd4 25. Qxe8+ Qf8 26. Qxf8+ 1-0